000
00356nam a2200145Ia 4500
008
151213s9999 xx 000 0 und d
100
_a
M.Rafiquzzaman
245
_a
Microprocessors
_c
M.Rafiquzzaman
260
_a
New Delhi
_b
PHI Learning
_c
1992
300
_a
8593 p.
650
_a
E.E.E.
650
_a
science
700
_a
M.Rafiquzzaman
999
_c
4396
_d
4396